Vysoké školy a ich postoj k spolupráci s hospodárskou praxou

Výsledky z rozsiahleho marketingového výskumu, ktorý prináša názory niektorých univerzít na vybrané aspekty spolupráce s podnikateľskou sférou - ich skúsenosti, bariéry, trhové príležitosti alebo marketing. Priblíženie, ako a kde majú univerzity príležitosť, aby boli efektívnejšie v spolupráci s pod...

Full description

Saved in:
Bibliographic Details
Main Author: Drábik, Henrich
Format: Book Chapter
Language:Slovak
Subjects:
Tags: Add Tag
No Tags, Be the first to tag this record!

MARC

LEADER 00000nla a2200000 4500
001 0243072
005 20240502073938.6
041 0 |a slo 
044 |a SK 
245 1 0 |a Vysoké školy a ich postoj k spolupráci s hospodárskou praxou 
520 |a Výsledky z rozsiahleho marketingového výskumu, ktorý prináša názory niektorých univerzít na vybrané aspekty spolupráce s podnikateľskou sférou - ich skúsenosti, bariéry, trhové príležitosti alebo marketing. Priblíženie, ako a kde majú univerzity príležitosť, aby boli efektívnejšie v spolupráci s podnikateľskou sférou. Dôraz kladený na dôležitosť koordinácie, stanovenia cieľov, plánovanie a osobné riadenie. 
610 2 0 |a prieskum marketingový 
610 2 0 |a kooperácia 
610 2 0 |a prostredie podnikateľské 
610 2 0 |a sektor súkromný 
610 2 0 |a školstvo 
610 2 0 |a školy vysoké 
610 2 0 |a univerzity 
100 1 |a Drábik, Henrich